000
00301pab a2200133 454500
008
180718b xxu||||| |||| 00| 0 eng d
100
_a
Patel, I.G.
245
_a
Freedom from foreign debt
650
_a
Foreign Debt
650
_a
Debt
650
_a
Foreign Credit
773
_a
Janata
909
_a
23025
999
_c
23025
_d
23025